000 00538nam a22001697a 4500
005 20251108164219.0
008 250721s1986 xx 000 0 ara d
082 1 4 _a343.10962/عدل
100 1 _aخليل، عدلي
245 1 0 _aإستجواب المتهم فقهاً و قضاء :
_bتعريف المتهم و الإستجواب /
264 1 _aالقاهرة :
_bالمكتبه القانونيه،
_c1986.
300 _a349ص
650 1 7 _aالقانون الجنائي
650 1 7 _aمصر
942 _2ddc
_cBK
999 _c6514
_d6514